00852cam a22002531 4500001001300000003000400013005001700017008004100034010001700075035001900092040002500111042001200136050001500148100002900163245012200192260002900314300004200343490005200385500003900437500004100476650003100517700003300548999001700581f 01003463 DLC20260227111246.0810122s1897 fr ac 000 0 fre  af 01003463  a(OCoLC)7076526 aDLCcOCldOCoLCdDLC apremarc00aND541b.M31 aMantz, Paul,d1821-1895.13aLa peinture française du IXe siècle à la fin du XVIe,cpar Paul Mantz; avec une introduction par Olivier Merson aParis,bL.H. Mayc[1897] a288 p.billus. (incl. ports.)c21 cm.0 aBibliothèque de l'enseignement des beaux-arts aSeries title also at head of t.-p. aAdded t.-p., with ornamental border. 0aPaintingzFrancexHistory.1 aMerson, Olivier,d1822-1902. c23092d23092